Sistemes d'informació en salut de la Diputació de Barcelona : informes d'indicadors de salut local : municipi del Prat de Llobregat, 2007 informes d'indicadors de salut local :
Descripción Física:
160 p. : taules, gràf. ; 29 cm + 1 CD-ROM
Materias:
Indicadors de salut -- Prat de Llobregat
MARC
| LEADER | 00000nam a2200000Ia 4500 | ||
|---|---|---|---|
| 001 | 23300 | ||
| 008 | 160829s2011 xx 000 0 cat d | ||
| 080 | |a C-3-369 | ||
| 245 | |a Sistemes d'informació en salut de la Diputació de Barcelona : |b informes d'indicadors de salut local : |b municipi del Prat de Llobregat, 2007 | ||
| 260 | |a Barcelona : |b Diputació de Barcelona. Àrea de Salut Pública i Consum, |c 2011 | ||
| 300 | |a 160 p. : |b taules, gràf. ; |c 29 cm + 1 CD-ROM | ||
| 590 | |a Bibliografia | ||
| 650 | |a Indicadors de salut |x Prat de Llobregat |9 48653 | ||
| 710 | |a Barcelona (Catalunya : Província). |b Àrea de Salut Pública i Consum |9 7348 | ||
| 901 | |a Arxiu | ||
| 942 | |n 1 | ||
| 952 | |0 0 |1 0 |4 0 |6 C3369 |7 1 |9 54731 |a Arxiu |b Arxiu |d 2011-10-31 |l 0 |o C-3-369 |p 23300 |r 2016-12-01 00:00:00 |w 2016-12-01 |y ARXIU | ||
| 999 | |c 58600 |d 58600 | ||